00929 2200337 4500001002100000005001700021008004100038020001800079035002400097082001100121090002100132100001400153245013200167260002800299300002900327500002600356650002100382850001500403980001300418985000600431986001300437999001500450999001500465999001500480990001600495990001600511990001600527990001600543990001600559990001600575YOGYA-0209000003333920090227024751.0 ind  a979-553-421-1 0010-020900000033339 a370.13 a370.13bWah SlT aWAHYUTOMO a10 tahun "Value education" di Universitas Merdeka MalangbPola pelaksanaan, hasil evaluasi dan tanggapan masyarakatcWahjoetomo aJakartabGrasindoc1994 axiv, 87 hlmbilusc21 cm aBibliografi : hlm. 87 aPendidikan nilai aYOPDYOG(B) a29-08-06 a3 aSusi-Ati a98P0112481 a98P0112482 a98P0112483 a112483-P/98 a112481-P/98 a112482-P/98 a112481-P/98 a112482-P/98 a112483-P/98